|
|
|
|
| LEADER |
00000nam a2200000 a 4500 |
| 001 |
vtls009468440 |
| 003 |
SK-MaSNL |
| 005 |
20260301125823.0 |
| 008 |
090203s2008 bw dl g 000 0 rus |
| 020 |
|
|
|a 9789856858249 (brož.)
|
| 040 |
|
|
|a SNK
|b slo
|c SNK
|e AACR2
|
| 041 |
0 |
|
|a rus
|a eng
|
| 043 |
|
|
|a e-bw---
|
| 044 |
|
|
|a bw
|c BY
|
| 072 |
|
7 |
|a 314
|x Demografia. Populácia
|2 konspekt
|
| 080 |
|
|
|a 314
|2 2001
|
| 080 |
|
|
|a 314.116
|2 2001
|
| 080 |
|
|
|a (476)
|2 2001
|
| 080 |
|
|
|a (083.41)
|2 2001
|
| 080 |
|
|
|a (082)
|2 2001
|
| 245 |
0 |
0 |
|a Naselenije Respubliki Belarus'
|b statističeskij sbornik
|c [otvetstvennyj za vypusk: T. A. Gorjajnova]
|
| 246 |
1 |
1 |
|a Population of the Republic of Belarus
|
| 260 |
|
|
|a Minsk
|b Ministerstvo statistiki i analiza Respubliki Belarus'
|c 2008
|
| 300 |
|
|
|a 420 s.
|b grafy, tab.
|c 25 cm
|
| 500 |
|
|
|a Na názvom: Ministerstvo statistiki i analiza Respubliki Belarus'
|
| 650 |
0 |
7 |
|a obyvateľstvo
|z Bielorusko
|2 SNKPH
|9 476372
|
| 651 |
|
7 |
|a Bielorusko
|2 SNKPH
|9 29235
|
| 655 |
|
7 |
|a štatistiky
|2 SNKPH
|9 70182
|
| 655 |
|
7 |
|a zborníky
|2 SNKPH
|9 70165
|
| 700 |
1 |
|
|a Gorjajnova, T. A.
|4 edt
|9 476373
|
| 919 |
|
|
|a 978-985-6858-24-9
|
| 999 |
|
|
|c 743607
|d 745537
|
| 952 |
|
|
|a SNK
|b SNK
|y VYP
|7 0
|p 17A0613770
|o snkIC 137522
|i snk2009/5619
|8 2
|g 15.00
|0 0
|1 0
|4 0
|d 2009-02-03
|l 0
|r 2026-02-23 23:07:31
|w 2026-02-23
|